000 01020cam a22003135a 4500
001 E152999
008 110523s2011 xxko f 000 0 eng d
020 _a9781848061705
035 _a(Sirsi) u152999
041 0 _aeng
050 0 4 _a333.72 $2 18
100 1 _aJohnson, Katie
245 0 0 _aLIST (low impact shopfitting tool) for designing greener shopfitting display equipment
260 _aWatford
_bBRE
_c2011
300 _a16p.
_bill.
_c30cm.
490 0 _aBRE Information Paper
_v(1/11)
520 _aDiscusses the Low Impact Shopfitting Tool (LIST) which allows retailers and others to assess the environmental impact of materials used in shopfitting display, from design onwards.
521 _aAdvanced
590 _aKA
651 4 _aUnited Kingdom
_y
690 _aENVIRONMENTAL AND LAND CONSULTANCY-ENERGY
700 1 _aLowres, Flavie
700 1 _aWells, Naomi
700 1 _aAnderson, Jane
700 1 _aKeane, Beulah
700 1 _aHardy, Giles
700 1 _aCosta, Simeon
942 _n0
999 _c112314
_d112314